书目信息 |
| 题名: |
生物
|
|
| 作者: | 管红艳 , 刘军根 , 汪文俊 主编 | |
| 分册: | ||
| 出版信息: | 北京 航空工业出版社 2018 |
|
| 页数: | 225页 | |
| 开本: | 26cm | |
| 丛书名: | ||
| 单 册: | ||
| 中图分类: | Q-43 | |
| 科图分类: | ||
| 主题词: | 生物学--sheng wu xue--高等学校--教材 | |
| 电子资源: | ||
| ISBN: | 978-7-5165-1709-3 | |
| 000 | 01072nam0 2200301 450 | |
| 001 | 012001002972 | |
| 005 | 20140126112140.0 | |
| 010 | @a978-7-5165-1709-3@dCNY39.80 | |
| 099 | @aCAL 012018189125 | |
| 100 | @a20181205d2018 em y0chiy50 ea | |
| 101 | 0 | @achi |
| 102 | @aCN@b110000 | |
| 105 | @aak a 000yy | |
| 106 | @ar | |
| 200 | 1 | @a生物@Asheng wu@f主编管红艳, 刘军根, 汪文俊 |
| 210 | @a北京@c航空工业出版社@d2018 | |
| 215 | @a225页@c图@d26cm | |
| 300 | @a“互联网+”小学教育专业立体化教材 | |
| 320 | @a有书目 (第225页) | |
| 330 | @a本书系统地介绍了生物学的基本知识, 全书分为9章, 主要包括生命的物质基础、生命的结构基础、生物的新陈代谢、生命活动的调节、生物的生殖和发育、遗传与变异、生命的起源与进化、生态与环境、生物技术的发展和应用。 | |
| 333 | @a普通高等院校“十三五”规划教材 | |
| 606 | 0 | @a生物学@Asheng wu xue@x高等学校@j教材 |
| 690 | @aQ-43@v5 | |
| 701 | 0 | @a管红艳@Aguan hong yan@4主编 |
| 701 | 0 | @a刘军根@Aliu jun gen@4主编 |
| 701 | 0 | @a汪文俊@Awang wen jun@4主编 |
| 801 | 0 | @aCN@b北京卓展@c20191020 |
| 905 | @b1204941-4@dQ-43@e203@f4 | |
| 生物/主编管红艳, 刘军根, 汪文俊.-北京:航空工业出版社,2018 |
| 225页:图;26cm |
| “互联网+”小学教育专业立体化教材.-使用对象:普通高等院校“十三五”规划教材 |
| ISBN 978-7-5165-1709-3:CNY39.80 |
| 本书系统地介绍了生物学的基本知识, 全书分为9章, 主要包括生命的物质基础、生命的结构基础、生物的新陈代谢、生命活动的调节、生物的生殖和发育、遗传与变异、生命的起源与进化、生态与环境、生物技术的发展和应用。 |
| ● |
| 相关链接 |
|
|
|
|
正题名:生物
索取号:Q-43/203
 
预约/预借
| 序号 | 登录号 | 条形码 | 馆藏地/架位号 | 状态 | 备注 |
| 1 | 1204941 | 212049415 | 第二样本阅览室/ [索取号:Q-43/203] | 在馆 | |
| 2 | 1204942 | 212049424 | 第三借阅区/ [索取号:Q-43/203] | 在馆 | |
| 3 | 1204943 | 212049433 | 第三借阅区/ [索取号:Q-43/203] | 在馆 | |
| 4 | 1204944 | 212049442 | 第三借阅区/ [索取号:Q-43/203] | 在馆 |